000 00385nam a22001577a 4500
003 MPLRDC
005 20220104123439.0
008 210129b ||||| |||| 00| 0 eng d
082 _a997 TLTZ-2 v.7
100 _a王家编译
245 _a新头脑体操: 天才篇
_c
260 _a
_b王家出版社
_c1983
300 _b
650 _a智力游戏
942 _cBK
_o997 TLTZ-2 v.7
999 _c11493
_d11483